000 00643nam a2200265Ia 4500
003 OSt
005 20220912152146.0
006 a|||||r|||| 00| 0
007 ta
008 220909b |||||||| |||| 00| 0 eng d
024 _a57623
037 _cTextual
040 _aCSL
_beng
_cCSL
041 _aeng
082 _aY171:1, K3;1 CS
100 _aLhote H
245 0 _aVanished civilizations
260 _c1963
300 _ap.
_ccm.
650 _aSociology
700 _a Kirwan L P
700 _a Summers R
942 _hY171:1, K3;1 CS
_cTEXL
_2CC
999 _c82114
_d82114